[Event "Eastern Asia-ch U20"]
[Site "Batangas"]
[Date "2019.12.13"]
[Round "6"]
[White "Alanan, Brent Lenard"]
[Black "Medina, John Paulo"]
[Result "1/2-1/2"]
[WhiteElo "1892"]
[BlackElo "1756"]
[PlyCount "93"]
[EventDate "2019.12.10"]
[EventType "swiss"]
[EventRounds "9"]
[EventCountry "PHI"]
[SourceTitle "CBM 193 Extra"]
[Source "ChessBase"]
[SourceDate "2020.01.31"]
[SourceVersion "1"]
[SourceVersionDate "2020.01.31"]
[SourceQuality "1"]

1. d4 Nf6 2. Nf3 c5 3. d5 e6 4. c4 exd5 5. cxd5 d6 6. Nc3 g6 7. e4 Bg7 8. Be2 0-0 9. Nd2 Ne8 10. h4 f5 11. h5 Nf6 12. hxg6 hxg6 13. exf5 Bxf5 14. g4 Bd7 15. f3 Qe7 16. Qc2 Be8 17. Nde4 Nbd7 18. Bg5 a6 19. a4 Qe5 20. 0-0-0 Nxe4 21. Nxe4 Nf6 22. Bxf6 Bxf6 23. Kb1 Bg7 24. Kc1 Bf6 25. Kb1 Bg7 26. Rhe1 Bxa4 27. Qd2 Bxd1 28. Bxd1 Rae8 29. Rh1 Qf4 30. Qxf4 Rxf4 31. Nxd6 Rd8 32. Ne4 c4 33. Be2 b5 34. Rd1 Be5 35. Kc2 Rf7 36. d6 Kg7 37. Ng5 Rf6 38. Ne4 Rfxd6 39. Nxd6 Rxd6 40. Rxd6 Bxd6 41. b3 cxb3+ 42. Kxb3 Kf6 43. Bd3 g5 44. Be4 Ke5 45. Bb7 a5 46. Bc6 b4 47. Ba4 1/2-1/2

[Event "Eastern Asia-ch U20"]
[Site "Batangas"]
[Date "2019.12.11"]
[Round "3"]
[White "Medina, John Paulo"]
[Black "Perez, Robert James"]
[Result "1/2-1/2"]
[WhiteElo "1756"]
[BlackElo "1530"]
[PlyCount "73"]
[EventDate "2019.12.10"]
[EventType "swiss"]
[EventRounds "9"]
[EventCountry "PHI"]
[SourceTitle "CBM 193 Extra"]
[Source "ChessBase"]
[SourceDate "2020.01.31"]
[SourceVersion "1"]
[SourceVersionDate "2020.01.31"]
[SourceQuality "1"]

1. c4 f5 2. d4 Nf6 3. Nf3 e6 4. g3 d5 5. Bg2 c6 6. 0-0 Bd6 7. Qc2 0-0 8. b3 Qe7 9. Bb2 Ne4 10. Nfd2 Nd7 11. f3 Nxd2 12. Nxd2 f4 13. g4 Rf6 14. Rfe1 Rh6 15. Nf1 Qg5 16. e3 fxe3 17. Bc1 Qh4 18. Bxe3 Bxh2+ 19. Nxh2 Qxh2+ 20. Kf1 Rf6 21. Kf2 Qh4+ 22. Kg1 Nf8 23. Qd2 Qg3 24. Bf2 Qd6 25. Re3 Ng6 26. Rae1 Bd7 27. Rd1 Raf8 28. Qe1 Qb8 29. Bg3 Nf4 30. Bf1 h6 31. Bd3 Qe8 32. Bc2 Qf7 33. Rd2 Nh3+ 34. Kg2 Nf4+ 35. Kg1 Nh3+ 36. Kg2 Nf4+ 37. Kg1 1/2-1/2